|
|
|
|
| LEADER |
00000nas a2200000 a 4500 |
| 001 |
vtls001321186 |
| 003 |
SK-MaSNL |
| 005 |
20260221112400.0 |
| 008 |
180126sm y0slocxo 0 slo c |
| 035 |
|
|
|a SNK000273839
|
| 040 |
|
|
|a SNK
|b slo
|c SNK
|e AACR2
|
| 044 |
|
|
|a xo
|c SK
|
| 245 |
0 |
0 |
|a Výroční zpráva 1994
|b Státní vědecká knihovna, Liberec
|
| 260 |
|
|
|a Liberec
|b Státní vědecká knihovna
|c 1995
|
| 362 |
1 |
|
|a Roč. 4 (únor 1995)
|
| 850 |
|
|
|a Slovenská národná knižnica v Martine
|
| 999 |
|
|
|c 166
|d 2096
|
| 952 |
|
|
|0 0
|1 1
|4 0
|7 0
|a SNK
|b SNK
|d 1998-02-17
|i snkF 465/98
|l 0
|o snkČD 2229/1994
|p 17A0122445
|r 2005-01-02 00:00:00
|t P60, <06>, [BOOK], {606}
|w 2026-02-21
|y PREZ
|